Study guide for use with fundamental managerial accounting concepts (Бичлэгийн дугаар. 145275)
| 000 -УДИРДЛАГА | |
|---|---|
| Удирдлага | 00891nam a22002897a 4500 |
| 003 - ХЯНАЛТЫН ТОО ТОДОРХОЙЛОГЧ | |
| Код | MN-UlNUM |
| 005 - БИЧИЛТ ХИЙСЭН ОГНОО | |
| Тухайн бичилтийг бичсэн засварласан сүүлийн огноо | 20251104135434.0 |
| 008 - ЕРӨНХИЙ МЭДЭЭЛЭЛ | |
| Ерөнхий мэдээлэл | 251104s2006 nyu||||| |||| 00| 0 eng d |
| 020 ## - ISBN | |
| ISBN | 0072991143 |
| 040 ## - БИЧЛЭГ ҮҮСГЭГЧ БАЙГУУЛЛАГА | |
| Бичлэг үүсгэгч номын сангийн код | МУИС-ийн номын сан |
| 084 ## - ББК АНГИЛАЛ | |
| Нэмэлт тусгалт | Бусад |
| ББК ангилал | 65.052 |
| Зохиогчийн гурван тэмдэгт | E 24 |
| Мэдлэгийн ялгаа | 65 - Эдийн засаг |
| 100 1# - ЗОХИОГЧ | |
| Зохиогчийн нэр | Edmonds D. Cindy |
| 245 10 - ҮНДСЭН ГАРЧИГ | |
| Номын нэр | Study guide for use with fundamental managerial accounting concepts |
| 260 ## - ГАРАЛТЫН МЭДЭЭ | |
| Хэвлэгдсэн газар | New York |
| Хэвлэлийн газар | Mc-Graw Hill |
| Хэвлэгдсэн он | 2006 |
| 300 ## - МАТЕРИАЛЫН ТОДОРХОЙЛОЛТ | |
| хуудасны тоо | 248 |
| 500 ## - Тайлбар | |
| Дансны дугаар | БС 1899 |
| 546 ## - ХЭЛНИЙ ТУХАЙ МЭДЭЭ | |
| Хэл | Англи хэл дээр, |
| 653 ## - Түлхүүр үг | |
| Түлхүүр үг | management |
| 653 ## - Түлхүүр үг | |
| Түлхүүр үг | marketing |
| 700 ## - ХАМ ЗОХИОГЧИД | |
| Ба бус | Olds R. Philip |
| 740 ## - НОМЫН ГАРЧИГ | |
| Гарчиг | Management accounting a value - added discipline |
| 740 ## - НОМЫН ГАРЧИГ | |
| Гарчиг | Cost Behavior8 Operating leverage, and profitability analysis |
| 740 ## - НОМЫН ГАРЧИГ | |
| Гарчиг | Analysis of cost8 volume, and pricing to increase profitability |
| 740 ## - НОМЫН ГАРЧИГ | |
| Гарчиг | Revelant information for special decisions |
| 942 ## - ЭЛЕМЕНТИЙН ТӨРӨЛ | |
| Зүйлийн төрөл | Ном |
